000 00426 a2200157 4500
005 20250430063842.0
020 _a978-0-07-338234-0
082 _a658.159 EUN
100 _aEUN, C. S.
245 _aInternational Financial Management.
250 _a5th Ed.
260 _aNew York,
_bMcgraw- Hill Irwin,
_c2009.
300 _axxiii, 533p.:Ill.;figures
_bGlossary & Index
_c28cm
700 _aRESNICK, B. G.
942 _2ddc
_cBKS
999 _c1791
_d1791